[Event "Candidates final"]
[Site "Elista"]
[Date "2007.06.08"]
[Round "2.3"]
[White "Grischuk, Alexander"]
[Black "Rublevsky, Sergei"]
[Result "1/2-1/2"]
[WhiteElo "2717"]
[BlackElo "2680"]
[Annotator "Marin,M"]
[PlyCount "97"]
[EventDate "2007.06.06"]
[EventType "k.o."]
[EventRounds "6"]
[EventCountry "RUS"]
[SourceTitle "CBM 119"]
[Source "ChessBase"]
[SourceDate "2007.08.01"]
[SourceVersion "1"]
[SourceVersionDate "2007.08.01"]
[SourceQuality "1"]

1. e4 c5 2. Nf3 e6 3. d4 cxd4 4. Nxd4 Nc6 5. Nc3 a6 6. Be2 Qc7 {Quite a
surprise! Rublevsky almost never develops his queen to c7 in the Sicilian, but
the first game of the match might have convinced him to abandon his former
views.} 7. O-O Nf6 8. Be3 Be7 9. f4 d6 10. a4 O-O 11. Kh1 Re8 {By
transposition, we reached a topical position of the Scheweningen, which passed
the heavy test of the second match Karpov-Kasparov quite successfully. In fact,
after losing his title, Karpov practically gave up playing 1.e4, which speaks
a lot about his conclusions on this variation...} 12. Bf3 Bd7 13. Nb3 {During
the match, Karpov usually allowed the exchange on d4. He retreated with the
knight only in the last game, where he desperately needed to win - and lost!}
b6 14. g4 Bc8 15. g5 Nd7 16. Bg2 Bb7 ({The main alternative is} 16... Rb8 {
followed by ...Na5.}) 17. Rf3 {Basically, this is an attacking move. White
transfers his rook to h3, creating the brutal threat Qh5xh7#. However, decades
of practice have proved that it is not so easy to mate Black in the Sicilian
and that, even when attacking, White should be concerned about maintaining the
general harmony of his position. From h3, the rook can be relatively easily
transfered back to the centre (d3 for instance).} ({The other way to harrass
Black on the kingside is} 17. Qh5 {, but placing the queen away from the
centre is a much more committal decision than the rook manoeuvre.} Nb4 18. Rf2
Bf8 19. Raf1 Re7 20. Qh3 Rae8 21. Rd2 Nc5 22. Nxc5 bxc5 23. Nd1 Rd7 24. c3 Nc6
25. Nf2 d5 $132 {White's attack has not even started yet, while Black has
become very active in the centre. The queen is obviously misplaced on h3,
Dolmatov,S (2587)-Jakovenko,D (2521)/Elista 2001/CBM 083 (1/2-1/2, 43)}) 17...
Nb4 18. Rh3 g6 {Denying the queen's access to h5.} 19. Qd2 Bf8 20. Qf2 {
White continues concentrating his forces on the king side, but does not leave
the other wing unattended. The pressure against the b6-pawn is an important
element as we shall see.} (20. Rd1 Rab8 (20... Rac8 21. Nc1 b5 22. axb5 axb5
23. N1e2 Nxc2 24. Qxc2 b4 $11 {Barua,D (2515)-Hracek,Z (2605)/Groningen 1997/
CBM 063 (1/2-1/2, 39)}) 21. Qf2 Bg7 22. Rd2 Ba8 23. Nd4 (23. Qh4 Nf8 24. Nd1
Nxc2 25. Bg1 Qc4 26. e5 Bxg2+ 27. Rxg2 dxe5 $17 {Rudolf,H (2325)-Savchenko,S 
(2555)/Berlin 1998/CBM 066 ext (0-1, 49)}) 23... f5 $5 (23... e5 $5 24. Nf3 d5
$132) 24. Nde2 (24. gxf6 Nxf6 $11 {[%csl Ye4,Yh7]}) 24... fxe4 25. Bxe4 Bxe4+
26. Nxe4 d5 (26... Nxc2 27. Nxd6 Red8 $132) 27. N4c3 Nc6 $11 {Neelotpal,D 
(2370)-Thipsay,P (2515)/Calcutta 1998/CBM 062 ext (1-0, 73)}) 20... Bg7 21. Rf1
(21. Rd1 {could have transposed to the previous comment.}) 21... Re7 {This
move (in a slightly different position) was designed by Kasparov in the
aforementioned game. Black plans to double rooks on the e-file in order to
discourage the thematical advance of the f-pawn. Also, with two enemy major
pieces on the f-file, it is useful to maintain the f7-square well defended.} ({
The importance of this latter detail can be seen after} 21... Rac8 $6 22. Bd4
$1 {when Black cannot prevent his bishop from being exchanged. In case of 22...
e5? 23.fxe5 he would lose either the f7- or the b6-pawn. We can once again
notice that White is basically playing on two wings.} Qc4 $6 23. Bxg7 Kxg7 24.
Rd1 $18 {[%csl Yb4,Yd6,Yg7] Nielsen,P (2420)-Van Wely,L (2560)/Tastrup 1992/
CBM 028 (1-0, 35)}) 22. Bd4 $146 (22. Nd4 Qc4 $5 {An interesting approach.
before playing the generally desirable ...e5, Black tries to distract his
opponent's attention away from the kingside.} ({Now that the pressure against
the b6-pawn has been released,} 22... f5 23. gxf6 Nxf6 {is possible as well.})
({The main problem with the immediate} 22... e5 {is that after} 23. fxe5 {
Black cannot capture with the knight because of Qh4.}) 23. Qd2 e5 $1 {But now,
there is no problem at all to play so.} 24. b3 Qc7 25. fxe5 Nxe5 26. Nde2 Rae8
$11 {Black has regrouped in optimal way and has a good position, Petrosian,T 
(2580)-Geller,J (2500)/Dresden 2007/CBM 118 (1-0, 36). When I first red the
names of the players I though there was a mistake, because the 9th World
Champion only rarely played 1.e4, while Geller preferred 1...e5.
Geller-Petrosian sounds a lot more natural; Yefim Geller was an outstanding
expert of the 6.Be2 systems in all kind of Sicilians. Everything became clear
when I saw the year when the game was played: both aforementioned players have
long passed away and this was just a name coincidence...}) (22. Qh4 {does not
offer anything concrete yet because of the calm} Nf8 {1/2-1/2 De Firmian,N 
(2575)-Van Wely,L (2645)/New York 1997/CBM 057 ext. , although the position is
hardly drawn yet.}) (22. f5 {looks premature, too, because this is what Black
was preparing for:} exf5 23. exf5 Bxg2+ 24. Qxg2 (24. Kxg2 Bxc3 25. bxc3 Qxc3
26. Qh4 h5 27. gxh6 Rxe3 $36) 24... Rae8 $132) 22... e5 23. fxe5 dxe5 {The
generally desirable capture with the knight isimpossible because the b6-pawn
is hanging.} ({However,} 23... Bxe5 {was an important alternative. The main
idea is to keep the e5-square available for the pieces. Of course, the
exchange of the dark-squared bishops weakens the king's position, but at the
same time White's influence in the centre and on the queenside is reduced.})
24. Be3 Rd8 25. a5 $1 {Same policy as until now: White keeps his opponent
under pressure on both wings.} bxa5 26. Nc5 Nf8 27. Nxb7 Qxb7 28. Bb6 Rb8 29.
Bxa5 Nc6 30. b4 Ne6 31. Qh4 {After a short queenside diversion, White switches
back to his main plan: the direct attack against the king.} Nxa5 32. bxa5 Nf4 (
{The standard way to parry the attack along the h-file} 32... h5 {does not
work here because after} 33. gxh6 {White would jump with his knight to d5,
with decisive threats.}) 33. Qxh7+ Kf8 34. Nd5 Re6 35. Rhf3 Rd8 {Things have
gone wrong for Black, but he has hopes to survive because of White's numerous
pawn weaknesses. If White's attack fails, the endgame should be OK for Black.}
36. Rxf4 $6 ({A tempting but unnecessary sacrifice.} 36. Nxf4 exf4 37. Rxf4 {
followed by the brutal advance of the h-pawn would have taken White's attack
to alarming proportions.}) 36... exf4 37. Nxf4 Qc6 38. e5 ({Even here,} 38. h4
{looks promissing.}) 38... Qc4 39. Qh3 Kg8 40. Nxe6 fxe6 {Despite his
considerable material advantage, White can hardly be happy aout the recent
evolution of the position. His attack has vanished and he is left with just
weaknessses. Rublevsky had little trouble achieving a draw.} 41. Qb3 Qxb3 42.
cxb3 Bxe5 43. Bb7 Rd2 44. Bxa6 Rxh2+ 45. Kg1 Rh5 46. b4 Rxg5+ 47. Kh1 Rg4 48.
b5 Ra4 49. Bc8 1/2-1/2

[Event "Candidates final"]
[Site "Elista"]
[Date "2007.06.11"]
[Round "2.5"]
[White "Grischuk, Alexander"]
[Black "Rublevsky, Sergei"]
[Result "1/2-1/2"]
[WhiteElo "2717"]
[BlackElo "2680"]
[Annotator "Marin,M"]
[PlyCount "35"]
[EventDate "2007.06.06"]
[EventType "k.o."]
[EventRounds "6"]
[EventCountry "RUS"]
[SourceTitle "CBM 119"]
[Source "ChessBase"]
[SourceDate "2007.08.01"]
[SourceVersion "1"]
[SourceVersionDate "2007.08.01"]
[SourceQuality "1"]

1. e4 c5 2. Nf3 e6 3. d4 cxd4 4. Nxd4 Nc6 5. Nc3 a6 6. Be2 Qc7 7. O-O Nf6 8.
Be3 Be7 9. f4 d6 10. a4 O-O 11. Kh1 Re8 12. Bf3 Bf8 {Compared to the previous
game with the same variation, Rublevsky delays the development of his queen's
bishop. This makes some sense since after Nb3 followed by g4, Black has to
retreat with the bishop to c8, in order to clear the d7-square for the knight.}
13. Qd2 Rb8 ({This is rarely played.} 13... Na5 {is more common.}) 14. Qf2 {
Grischuk plays in the same way as in the third game, where he came close to a
win.} ({However, under the slightly different circumstances,} 14. Rad1 {
is supposed to be the main line.}) 14... e5 15. Nde2 b5 $146 ({The game Adams,
M (2741)-Anand,V (2786)/Linares 2005/CBM 106 (1/2-1/2, 28) went} 15... exf4 16.
Bb6 Qe7 17. Nxf4 Be6 18. Rad1 g6 19. Qd2 Ne5 {and soon ended in a draw. Black
has a very solid position. However, we can understand Rublevsky's reluctance
to release the tension in the centre so soon.}) 16. axb5 axb5 17. f5 (17. Nd5
Nxd5 18. exd5 exf4 $1 19. Bxf4 Ne5 $11) (17. Ng3 b4 18. Nce2 exf4 19. Nxf4 Ne5
20. Bd4 (20. Nf5 $4 Bxf5 21. exf5 Neg4 $19) 20... g6 $11 {[%csl Gg3]}) 17...
Nb4 ({In case of a neutral developing move such as} 17... Bd7 {, White could
leave the c6-knight slightly misplaced with} 18. Nd5 $1 Nxd5 19. exd5 $14 {
[%cal Yf3e4]}) 18. Ng3 {Not a typical drawish posiiton, but, quite possibly,
just equal.} (18. Bg5 $5 Nxc2 $2 {[%csl Gd5]} 19. Bxf6 Nxa1 20. Nd5 $40) (18.
Ng3 Nxc2 $5 (18... Bd7 19. Nh5 Nxh5 20. Bxh5 $14 {[%cal Yf5f6,Ya1a7]}) 19. Qxc2
b4 $132) 1/2-1/2

[Event "Odessa Pivdenny Bank"]
[Site "Odessa"]
[Date "2007.07.04"]
[Round "2"]
[White "Ivanchuk, Vassily"]
[Black "Grischuk, Alexander"]
[Result "0-1"]
[WhiteElo "2729"]
[BlackElo "2717"]
[Annotator "Ftacnik,L"]
[PlyCount "72"]
[EventDate "2007.07.04"]
[EventType "tourn (rapid)"]
[EventRounds "9"]
[EventCountry "UKR"]
[EventCategory "17"]
[SourceTitle "CBM 119"]
[Source "ChessBase"]
[SourceDate "2007.08.01"]
[SourceVersion "1"]
[SourceVersionDate "2007.08.01"]
[SourceQuality "1"]

1. e4 c5 2. Nf3 d6 3. d4 cxd4 4. Nxd4 Nf6 5. Nc3 a6 6. Bc4 e6 7. Bb3 Nc6 8. Be3
Be7 9. Qe2 O-O 10. O-O-O Qc7 11. Rhg1 b5 12. g4 b4 13. Nd5 exd5 14. Nxc6 Qxc6
15. g5 Nxe4 16. Bxd5 Qa4 17. Bxe4 Be6 18. Rd4 $146 {Ivanchuk has been in great
form lately and part of his trick lies in his vast chess knowledge. The new
move puts Black in grave danger due to the idea of Bxh7+.} (18. Bxh7+ Kxh7 19.
Qh5+ Kg8 20. g6 fxg6 21. Qxg6 Bf6 22. Bd4 b3 23. axb3 Qa1+ 24. Kd2 Qa5+ 25. Kc1
Qa1+ 26. Kd2 Qa5+ 27. Kc1 Bxd4 28. Rxd4 Rf7 29. Qxe6 Qa1+ 30. Kd2 Qxg1 {
0-1 Janovsky,S (2360)-Machulsky,A (2465)/Sverdlovsk 1989 (38)}) (18. Bd4 g6 19.
Bxa8 (19. h4 Rac8 20. h5 Qxa2 21. f4 Rc4 22. Qe3 (22. Rh1 Qa1+ {0-1 Valenti,G 
(2240)-Weindl,A (2360)/Chiasso 1991}) 22... Rfc8 23. hxg6 fxg6 24. Kd2 Bf5 25.
Bxf5 gxf5 26. Qe6+ Kf8 27. Ke1 Re8 28. Qxf5+ Kg8 29. Qe6+ Kf8 30. Kf1 {1-0
Brinck Claussen,B (2395)-Olsen,N/Lyngby 1990 (35)}) 19... Rxa8 20. b3 Qxa2 21.
Rd2 Rc8 22. Qe3 Qxb3 {1/2 Stean,M (2345)-Dueball,J (2455)/Nice 1974}) 18...
Rac8 (18... Qxa2 $2 19. Bxh7+ Kxh7 20. Qh5+ Kg8 21. Rh4 f5 22. g6 $18) (18...
g6 19. Bxa8 Qxa2 20. Qd1 Rxa8 21. Rxb4 d5 $13) 19. a3 a5 (19... d5 20. Bd3 (20.
Bxd5 $2 Bxd5 21. Rxd5 bxa3 $19) 20... Rc4 $1 21. Bxh7+ $1 (21. Bxc4 $6 dxc4 22.
Rxc4 Qb5 23. b3 bxa3 $15) 21... Kxh7 22. Qh5+ Kg8 23. Rxc4 dxc4 24. g6 fxg6 25.
Qxg6 Bf6 26. Bd4 Bxd4 27. Qxe6+ Rf7 28. Qc8+ Kh7 29. Qh3+ Kg8 30. Qc8+ $11) 20.
Bd3 {White ignores the idea Kb1 at his peril, as it would have solved the
problem of the queenside attack.} (20. Kb1 $1 g6 21. b3 Qe8 22. axb4 a4 23. Qd3
$14) 20... g6 (20... Qb3 $1 21. axb4 Qa2 22. Qd1 $13) 21. h4 $2 (21. Kb1 $1 Rb8
22. b3 Qc6 23. a4 $14) 21... Qb3 $1 22. axb4 Qa2 (22... axb4 23. Qe1 d5 24. Kb1
Qa4 25. b3 Qa5 26. Bc1 $15) 23. Qd1 (23. Qe1 d5 24. bxa5 Rb8 25. b3 Qa1+ 26.
Kd2 Qxa5+ 27. Ke2 Qc7 $13) 23... d5 $1 {The only active side on the board is
Black and White has to fight for survival.} (23... Qa1+ 24. Kd2 Qxb2 25. Qa1
Qxa1 26. Rxa1 axb4 27. Ra7 $14) 24. bxa5 Qxa5 25. Qe1 (25. h5 Rb8 26. hxg6 fxg6
$15) 25... Qa1+ 26. Kd2 Qxb2 27. Qc1 (27. Qa1 Bb4+ 28. Ke2 Qxa1 29. Rxa1 Bc3
$17) 27... Qb8 $1 {[%mdl 128] This neat move supports the black pieces and
transfers the queen to the kingside. White's king will not be happy in the
centre so it is his natural respite...} (27... Qc3+ 28. Ke2 Rfe8 29. Qa1 Qc7
$17) 28. Ke2 Bc5 29. Rf4 (29. Ra4 Bd7 30. Rf4 Rfe8 31. Kf3 Bxe3 32. fxe3 Qe5
$17) 29... Rfe8 30. Bxc5 $2 {Even the greatest players are capable of cracking
under pressure. Much tougher resistance could have been put up after 30.Kf3.} (
30. Kf3 Bd6 31. Ra4 Bd7 32. Ra6 Qb4 $17) 30... Bg4+ $1 31. Kf1 Bh3+ 32. Rg2
Rxc5 33. h5 (33. Kg1 Bxg2 34. Kxg2 Ra5 $19) 33... Qe5 34. Rh4 (34. hxg6 hxg6
35. Kg1 Bxg2 36. Kxg2 Qxg5+ $19) 34... Qh2 {Finally the queen decides the
battle with her smart manoeuvres..} (34... Ra5 35. f4 Qd4 36. Rxh3 Ra1 $19) 35.
Rxh3 Qxh3 36. hxg6 (36. Qd1 gxh5 37. Kg1 d4 $19) 36... Qxd3+ $1 0-1

[Event "Odessa Pivdenny Bank"]
[Site "Odessa"]
[Date "2007.07.04"]
[Round "3"]
[White "Grischuk, Alexander"]
[Black "Bacrot, Etienne"]
[Result "1-0"]
[WhiteElo "2717"]
[BlackElo "2709"]
[PlyCount "101"]
[EventDate "2007.07.04"]
[EventType "tourn (rapid)"]
[EventRounds "9"]
[EventCountry "UKR"]
[EventCategory "17"]
[SourceTitle "CBM 119"]
[Source "ChessBase"]
[SourceDate "2007.08.01"]
[SourceVersion "1"]
[SourceVersionDate "2007.08.01"]
[SourceQuality "1"]

1. d4 d5 2. c4 c6 3. Nc3 Nf6 4. Nf3 a6 5. a4 e6 6. Bg5 a5 7. e3 Be7 8. Bd3 Na6
9. e4 dxe4 10. Nxe4 Nxe4 11. Bxe7 Qxe7 12. Bxe4 Qb4+ 13. Qd2 Qxc4 14. Ne5 Qb4
15. Nxc6 Qxd2+ 16. Kxd2 Nb8 17. Ne5 f6 18. Rhc1 Nd7 19. Nxd7 Kxd7 20. Ra3 f5
21. Bf3 g5 22. Rb3 Rb8 23. Rb6 Rd8 24. Rc5 g4 25. Be2 Ke7 26. Ke3 Bd7 27. Rc7
Rdc8 28. Rcxb7 Rxb7 29. Rxb7 Kd6 30. Bb5 Bxb5 31. Rxb5 Rc2 32. h3 g3 33. fxg3
Rxg2 34. g4 fxg4 35. hxg4 Rg3+ 36. Kf4 Rd3 37. Ke4 Rd2 38. b3 Rg2 39. Rxa5
Rxg4+ 40. Kd3 Rh4 41. Kc4 h5 42. Ra6+ Kd7 43. Kc5 Rh3 44. Ra7+ Kc8 45. Kc4 h4
46. Rh7 Rh1 47. b4 h3 48. a5 Kb8 49. Kc5 h2 50. Kb6 Kc8 51. b5 1-0

[Event "Odessa Pivdenny Bank"]
[Site "Odessa"]
[Date "2007.07.05"]
[Round "4"]
[White "Kortschnoj, Viktor Lvovich"]
[Black "Grischuk, Alexander"]
[Result "1/2-1/2"]
[WhiteElo "2623"]
[BlackElo "2717"]
[PlyCount "66"]
[EventDate "2007.07.04"]
[EventType "tourn (rapid)"]
[EventRounds "9"]
[EventCountry "UKR"]
[EventCategory "17"]
[SourceTitle "CBM 119"]
[Source "ChessBase"]
[SourceDate "2007.08.01"]
[SourceVersion "1"]
[SourceVersionDate "2007.08.01"]
[SourceQuality "1"]

1. d4 Nf6 2. c4 e6 3. Nf3 d5 4. Nc3 dxc4 5. Qa4+ c6 6. Qxc4 b5 7. Qd3 Nbd7 8.
Bg5 Bb7 9. a3 a6 10. e4 c5 11. d5 c4 12. Qc2 Qc7 13. dxe6 fxe6 14. Be2 Bc5 15.
O-O O-O 16. b4 cxb3 17. Qxb3 Rae8 18. Bh4 Nxe4 19. Nxe4 Bxe4 20. Rac1 Qb6 21.
Ng5 Bf5 22. a4 bxa4 23. Qxa4 Ne5 24. Qxa6 Qxa6 25. Bxa6 Be7 26. f4 Nd3 27. Rcd1
Nc5 28. Bc4 Bg4 29. Rde1 h6 30. Nxe6 Bxe6 31. Bxe6+ Nxe6 32. Bxe7 Rxe7 33. f5
Rfe8 1/2-1/2

[Event "Odessa Pivdenny Bank"]
[Site "Odessa"]
[Date "2007.07.05"]
[Round "6"]
[White "Shirov, Alexei"]
[Black "Grischuk, Alexander"]
[Result "0-1"]
[WhiteElo "2699"]
[BlackElo "2717"]
[PlyCount "102"]
[EventDate "2007.07.04"]
[EventType "tourn (rapid)"]
[EventRounds "9"]
[EventCountry "UKR"]
[EventCategory "17"]
[SourceTitle "CBM 119"]
[Source "ChessBase"]
[SourceDate "2007.08.01"]
[SourceVersion "1"]
[SourceVersionDate "2007.08.01"]
[SourceQuality "1"]

1. d4 Nf6 2. c4 e6 3. Nf3 b6 4. g3 Ba6 5. b3 Bb7 6. Bg2 Bb4+ 7. Bd2 c5 8. Bxb4
cxb4 9. Qd3 O-O 10. Nbd2 d6 11. O-O a5 12. e4 e5 13. Ne1 Nc6 14. Nc2 Re8 15.
Rfe1 Qc7 16. Rad1 Nxd4 17. Nxd4 exd4 18. Qxd4 Qc5 19. Nf1 a4 20. f3 axb3 21.
axb3 Red8 22. Ne3 Ne8 23. Rd3 g6 24. Red1 Rdc8 25. Qb2 Ra5 26. Kh1 h5 27. Nd5
Bxd5 28. Rxd5 Qc7 29. f4 Qe7 30. e5 dxe5 31. Rxe5 Rxe5 32. Qxe5 Qxe5 33. fxe5
Kf8 34. Rd7 Rc7 35. Rd8 b5 36. cxb5 Rc1+ 37. Bf1 Ke7 38. Ra8 Rxf1+ 39. Kg2 Rd1
40. b6 Rd7 41. Rb8 Rd8 42. Rb7+ Ke6 43. Kf3 Kxe5 44. Rxf7 Rb8 45. Rf8 Ke6 46.
g4 hxg4+ 47. Kg3 Ke7 48. Rf4 Rxb6 49. Kxg4 Nc7 50. h4 Ne6 51. Rc4 Rb5 0-1

[Event "Odessa Pivdenny Bank"]
[Site "Odessa"]
[Date "2007.07.06"]
[Round "7"]
[White "Grischuk, Alexander"]
[Black "Tukmakov, Vladimir B"]
[Result "1-0"]
[WhiteElo "2717"]
[BlackElo "2551"]
[PlyCount "61"]
[EventDate "2007.07.04"]
[EventType "tourn (rapid)"]
[EventRounds "9"]
[EventCountry "UKR"]
[EventCategory "17"]
[SourceTitle "CBM 119"]
[Source "ChessBase"]
[SourceDate "2007.08.01"]
[SourceVersion "1"]
[SourceVersionDate "2007.08.01"]
[SourceQuality "1"]

1. d4 d5 2. c4 c6 3. Nf3 Nf6 4. Nc3 dxc4 5. a4 Bf5 6. Ne5 Nbd7 7. Nxc4 Qc7 8.
g3 e5 9. dxe5 Nxe5 10. Bf4 Nfd7 11. Bg2 g5 12. Ne3 gxf4 13. Nxf5 O-O-O 14. Qc2
Bb4 15. O-O fxg3 16. hxg3 h5 17. Rfc1 Nf6 18. Ne3 Kb8 19. Qf5 Qe7 20. Qf4 a5
21. Rd1 Ka8 22. Nf5 Qe6 23. Nd4 Qe7 24. e3 Nfg4 25. Ne4 Ng6 26. Qg5 Qc7 27.
Rac1 N4e5 28. Nc5 h4 29. f4 Bxc5 30. Rxc5 Qb6 31. Rdc1 1-0